000 00489nam a22001577a 4500
005 20251108164936.0
008 250721s2002 xx 000 0 ara d
082 1 4 _a155.412/بيا
100 1 _aالبياتي، خليل إبراهيم
245 1 0 _aعلم النفس الفسيولوجي :
_bمبادىء أساسية /
264 1 _aعمان :
_bدار وائل،
_c2002.
300 _a325ص
650 1 7 _aعلم النفس الفسيولوجي
942 _2ddc
_cBK
999 _c17982
_d17982